Nazwy państw utworzone z 4 różnych liter - Statystyki

Ogólne statystyki
  • Ten quiz został rozwiązany 31 razy
  • Średni wynik to 19 z 26
Statystyki odpowiedzi
Litery Państwo % Poprawnych
N A R I Iran
97%
M O N A Oman
93%
R A K I Irak
83%
M J E N Jemen
79%
L I M A Mali
79%
P R Y C Cypr
76%
Z A D C Czad
76%
I H A T Haiti
76%
N A D I Dania
72%
D Ż I F Fidżi
72%
B A K U Kuba
72%
L I A B Libia
72%
P A M N Panama
72%
G N A H Ghana
69%
G O N K Kongo
69%
L U P A Palau
69%
R U P E Peru
69%
O M S A Samoa
69%
B I E N Benin
66%
E I N D Indie
66%
L A M T Malta
66%
A R N U Nauru
66%
S L E Z Seszele
62%
K R A T Katar
59%
L O S A Laos
59%
D A K N Kanada
55%
Nie znaleziono quizów pasujących do podanych kryteriów
Rozkład punktacji
Procent ludzi z każdym wynikiem
Percentyl według liczby udzielonych odpowiedzi
Twoja historia wyników
Nie rozwiązałeś tego quizu